=LDR 00000nam 2200000 4500 =001 INLIS000000000049472 =005 20200428094738 =035 ##$$a 0010-021700000000264 =008 200428################g##########0#ind## =082 ##$$a 2x3 =090 ##$$a 2x3 Har m =100 1#$$a Harari, Muhammad =245 1#$$a Menemukan jalan yang lurus /$c Syaikh Abdullah bin Muhammad Al-Hariri =260 ##$$a Jakarta :$b Mustaqiim,$c 1998 =300 ##$$a 214 hlm ; $c 14 x 21 cm =084 ##$$a 2x3 HAR m =250 ##$$a cet.10 =650 #4$$a Aqaid dan Ilmu kalam =990 ##$$a 21601927/BPAP-NTB/2017